Statistics for Double F Answers

Click here to take the quiz!

General Stats

  • This quiz has been taken 33,492 times
    (13,472 since last reset)
  • The average score is 14 of 20

Answer Stats

HintAnswer% Correct
Paris's most famous landmark:
The _____ Tower
Eiffel
99%
Tallest land animalGiraffe
99%
I shot the ______, but I did not
shoot the deputy
Sheriff
87%
To pretend to have a better poker
hand than you actually do
Bluff
86%
Antonym of prefixSuffix
82%
Notable vampire slayerBuffy
80%
Capital of WalesCardiff
79%
Homer Simpson's beer of choiceDuff
74%
Jewelry store with blue boxesTiffany
70%
The world's most widely-consumed
stimulant
Caffeine
68%
Siblings Ben and CaseyAffleck
63%
The German air forceLuftwaffe
63%
The right to voteSuffrage
62%
World's most expensive mushroomTruffle
62%
U.S. city near Niagara FallsBuffalo
55%
Canada's largest islandBaffin
49%
Evolves into WigglytuffJigglypuff
47%
Another term for the popePontiff
47%
England's "Steel City"Sheffield
45%
Arizona city near the Grand CanyonFlagstaff
35%

Score Distribution

Percentile by Number Answered

Percent of People with Each Score

Your Score History

You have not taken this quiz since the last reset